Ideas Matter: (Record no. 183542)

MARC details
000 -LEADER
fixed length control field 00573 a2200181 4500
005 - DATE AND TIME OF LATEST TRANSACTION
control field 20211227164232.0
010 ## - LCCN (DPL NO)
LC control number ENG-130707
020 ## - INTERNATIONAL STANDARD BOOK NUMBER
International Standard Book Number 978-93-90232-45-1
Terms of availability 1050.00
035 ## - SYSTEM CONTROL NUMBER
System control number EN-114239
037 ## - SOURCE OF ACQUISITION
Source of stock number/acquisition DBAD/PUB
082 ## - DEWEY DECIMAL CLASSIFICATION NUMBER
Classification number 333.31954
100 ## - MAIN ENTRY--PERSONAL NAME
Personal name Robb, Peter
245 ## - TITLE STATEMENT
Title Ideas Matter:
Statement of responsibility, etc Peter Robb
Remainder of title Debating the Impact of British Rule on India/
260 ## - PUBLICATION, DISTRIBUTION, ETC. (IMPRINT)
Place of publication, distribution, etc Delhi
Name of publisher, distributor, etc Primus Books
Date of publication, distribution, etc 2020
270 ## - ADDRESS
Address Virat Bhawan, Mukherjee Nagar, Commercial Complex
City Delhi
Postal code 110009
300 ## - PHYSICAL DESCRIPTION
Extent 305p.
Dimensions 24cm (hbk)
942 ## - ADDED ENTRY ELEMENTS (KOHA)
Institution code [OBSOLETE] dpl
Item type English Books
Source of classification or shelving scheme Dewey Decimal Classification
Classification part 333.31954
Call number suffix ROB
Holdings
Withdrawn status Lost status Not for loan Collection code Home library Current library Date acquired Source of acquisition Cost, normal purchase price Full call number Barcode Copy number Cost, replacement price Koha item type
      Non-fiction Mobile Library Mobile Library 27/12/2021 DBAD/PUB 1050.00 333.31954 ROB EN-114239 1 1050.00 English Books

© Delhi Public Library
Hit Counter
free hit counter